[Event "19th Reykjavik op"]
[Site "Reykjavik ISL"]
[Date "2000.04.07"]
[Round "3.16"]
[White "Bjarnason, Oskar"]
[Black "Markowski, Tomasz"]
[Result "0-1"]
[WhiteElo "2218"]
[BlackElo "2531"]
[EventDate "2000.04.05"]
[PlyCount "68"]

1.d4 d5 2.c4 e6 3.Nc3 c6 4.e4 dxe4 5.Nxe4 Bb4+ 6.Bd2 Qxd4 7.Bxb4 Qxe4+ 8.
Be2 Na6 9.Bc3 f6 10.Nf3 Ne7 11.O-O O-O 12.Bd3 Qg4 13.Qc2 Ng6 14.h3 Qh5 15.
Bxg6 Qxg6 16.Qxg6 hxg6 17.Rad1 e5 18.Rd6 Re8 19.Rfd1 Be6 20.b3 Nc5 21.Bb2 
a5 22.Nd2 Rad8 23.Ne4 Rxd6 24.Nxd6 Rd8 25.Rd2 b6 26.Bc3 Kf8 27.f3 Ke7 28.
Ne4 Rxd2 29.Bxd2 Nb7 30.Be3 c5 31.Kf2 a4 32.Ke2 Na5 33.Nd2 Nxb3 34.axb3 a3
0-1

[Event "19th Reykjavik op"]
[Site "Reykjavik ISL"]
[Date "2000.04.07"]
[Round "3.18"]
[White "Johannessen, Leif Erlend"]
[Black "Kleinert, Juergen"]
[Result "1-0"]
[WhiteElo "2431"]
[BlackElo "2188"]
[EventDate "2000.04.05"]
[PlyCount "53"]

1.d4 d5 2.c4 dxc4 3.e3 Nf6 4.Bxc4 e6 5.Nf3 a6 6.O-O c5 7.Bd3 Nc6 8.Nc3 
cxd4 9.exd4 Be7 10.Bg5 h6 11.Bh4 O-O 12.Rc1 b6 13.a3 Bb7 14.Bb1 b5 15.Qd3 
g6 16.Rfe1 Qd7 17.d5 Nxd5 18.Nxd5 exd5 19.Bxe7 Nxe7 20.Qe3 Nf5 21.Bxf5 
Qxf5 22.Qxh6 Qf6 23.Rc7 Bc8 24.Ng5 Qg7 25.Nxf7 Bf5 26.Ree7 Qxb2 27.Ne5 1-0

[Event "19th Reykjavik op"]
[Site "Reykjavik ISL"]
[Date "2000.04.07"]
[Round "3.20"]
[White "Westerinen, Heikki"]
[Black "Halldorsson, Jon Arni"]
[Result "1-0"]
[WhiteElo "2392"]
[BlackElo "2173"]
[EventDate "2000.04.05"]
[PlyCount "75"]

1.e4 e6 2.d4 d5 3.Nc3 Bb4 4.e5 c5 5.Bd2 Ne7 6.Nb5 Bxd2+ 7.Qxd2 O-O 8.f4 
cxd4 9.Nf3 Nbc6 10.Nbxd4 Bd7 11.Bd3 f6 12.exf6 Rxf6 13.O-O-O Nxd4 14.Nxd4 
Nc6 15.Nf3 Be8 16.Rde1 Qd6 17.Ne5 Qb4 18.g3 Qxd2+ 19.Kxd2 Nxe5 20.Rxe5 Bg6
21.Rhe1 Bxd3 22.cxd3 Kf7 23.Rc1 Re8 24.Ke3 Re7 25.Kd4 h6 26.Rc8 Rd7 27.b3 
g6 28.a4 Ke7 29.Rh8 h5 30.Rg5 Rc7 31.Rh7+ Rf7 32.Rh6 Rc2 33.Rgxg6 Rxh2 34.
Rxe6+ Kd7 35.Kxd5 h4 36.Rxh4 Rxh4 37.gxh4 Rxf4 38.Re4 1-0

[Event "19th Reykjavik op"]
[Site "Reykjavik ISL"]
[Date "2000.04.07"]
[Round "3.21"]
[White "Fridjonsson, Julius"]
[Black "Hardarson, Robert"]
[Result "1/2-1/2"]
[WhiteElo "2191"]
[BlackElo "2356"]
[EventDate "2000.04.05"]
[PlyCount "78"]

1.c4 Nf6 2.Nc3 c5 3.g3 Nc6 4.Bg2 d6 5.Nf3 e5 6.O-O Be7 7.d3 h6 8.a3 O-O 9.
Ne1 Be6 10.Nd5 Bxd5 11.cxd5 Nb8 12.f4 exf4 13.gxf4 Nbd7 14.e4 b5 15.Nc2 
Nb6 16.Ne3 Qd7 17.Kh1 Rfe8 18.b3 Rac8 19.Ra2 c4 20.bxc4 bxc4 21.d4 Qb5 22.
Qf3 c3 23.e5 Nfd7 24.Bh3 Bf8 25.Rg2 Kh8 26.Bf5 g6 27.Rfg1 Bg7 28.Qh3 Rcd8 
29.Bxg6 fxg6 30.Rxg6 Re7 31.f5 Qd3 32.f6 Qe4+ 33.R1g2 Nxf6 34.exf6 Bxf6 
35.Rxh6+ Rh7 36.Nf5 Qe1+ 37.Rg1 Qe4+ 38.Rg2 Qe1+ 39.Rg1 Qe4+ 1/2-1/2

[Event "19th Reykjavik op"]
[Site "Reykjavik ISL"]
[Date "2000.04.07"]
[Round "3.22"]
[White "Drei, Andrea"]
[Black "Thorsteinsson, Erlingur"]
[Result "1-0"]
[WhiteElo "2351"]
[BlackElo "2160"]
[EventDate "2000.04.05"]
[PlyCount "110"]

1.e4 e5 2.Nf3 Nc6 3.d4 exd4 4.Nxd4 Nf6 5.Nxc6 bxc6 6.e5 Nd5 7.c4 Nb6 8.Bd3
d5 9.exd6 cxd6 10.O-O Be7 11.Qf3 Bb7 12.Re1 Nd7 13.Bf4 Nc5 14.Bf5 O-O 15.
b4 Ne6 16.Qh3 g6 17.Bxe6 fxe6 18.Qxe6+ Rf7 19.Nc3 a5 20.b5 Bc8 21.Qe3 d5 
22.cxd5 cxd5 23.Rad1 Bb7 24.Nxd5 Bxd5 25.Qe5 Bb4 26.Rxd5 Qf8 27.Bd2 Re7 
28.Qa1 Bxd2 29.Rxd2 Rae8 30.Rxe7 Qxe7 31.h3 Qb4 32.Qd4 Re1+ 33.Kh2 Qxb5 
34.Qd5+ Qxd5 35.Rxd5 Re2 36.Rxa5 Rxf2 37.Ra7 h5 38.Kg3 Rf5 39.a4 g5 40.a5 
Rb5 41.a6 Rb3+ 42.Kf2 Ra3 43.Ke2 Ra2+ 44.Kd3 g4 45.hxg4 hxg4 46.g3 Kf8 47.
Kc4 Ke8 48.Kd5 Kd8 49.Ra8+ Kc7 50.a7 Kb7 51.Rg8 Kxa7 52.Rxg4 Kb7 53.Rc4 
Ra5+ 54.Ke6 Ra6+ 55.Kf7 Ra5 1-0

[Event "19th Reykjavik op"]
[Site "Reykjavik ISL"]
[Date "2000.04.07"]
[Round "3.23"]
[White "Kjartansson, Gudmundur"]
[Black "Bjornsson, Tomas"]
[Result "1/2-1/2"]
[WhiteElo "2248"]
[BlackElo "2224"]
[EventDate "2000.04.05"]
[PlyCount "100"]

1.e4 c5 2.Nf3 e6 3.d4 cxd4 4.Nxd4 Nc6 5.Nc3 Nf6 6.Ndb5 d6 7.Bf4 e5 8.Bg5 
a6 9.Na3 b5 10.Nd5 Be7 11.Bxf6 Bxf6 12.c3 O-O 13.g3 Rb8 14.Bg2 g6 15.O-O 
Bg7 16.Qd3 Be6 17.Rad1 Qd7 18.Nc2 f5 19.exf5 gxf5 20.Ndb4 Nxb4 21.Nxb4 Bc4
22.Bd5+ Kh8 23.Bxc4 bxc4 24.Qxd6 Qxd6 25.Rxd6 a5 26.Nc6 Rxb2 27.Nxa5 Rxa2 
28.Nxc4 Rc2 29.Rd5 Rxc3 30.Nxe5 f4 31.Nd3 fxg3 32.fxg3 Rxf1+ 33.Kxf1 h6 
34.Nf4 Rc7 35.Kg2 Kh7 36.Kh3 Re7 37.Kg4 Rf7 38.h4 Re7 39.Rd8 Be5 40.Rd5 
Bxf4 41.Kxf4 Re1 42.Kg4 Re7 43.Kh5 Rb7 44.g4 Rc7 45.Rd6 Rc5+ 46.g5 hxg5 
47.hxg5 Rc7 48.g6+ Kg7 49.Rd5 Rb7 50.Kg5 Rc7 1/2-1/2

[Event "19th Reykjavik op"]
[Site "Reykjavik ISL"]
[Date "2000.04.07"]
[Round "3.24"]
[White "Palsson, Halldor"]
[Black "Bjornsson, Sigurbjorn"]
[Result "1/2-1/2"]
[WhiteElo "2182"]
[BlackElo "2282"]
[EventDate "2000.04.05"]
[PlyCount "99"]

1.d4 Nf6 2.g3 e6 3.Bg2 d5 4.Nd2 c5 5.e3 Nc6 6.Ngf3 Be7 7.O-O O-O 8.c4 cxd4
9.cxd5 Nxd5 10.exd4 b6 11.Nc4 Ba6 12.b3 Rc8 13.Re1 Bb4 14.Bd2 Nce7 15.Bxb4
Nxb4 16.Qd2 Bxc4 17.bxc4 Nbc6 18.Rac1 Qd7 19.Red1 Na5 20.Qb4 Rc7 21.Ne5 
Qc8 22.c5 Rd8 23.Rb1 f6 24.cxb6 axb6 25.Qxb6 fxe5 26.Qxa5 exd4 27.Qe5 d3 
28.Be4 d2 29.Qh5 g6 30.Qe2 Qd7 31.Kg2 Qd4 32.Qe3 Qxe3 33.fxe3 Rc4 34.Bf3 
Nf5 35.Kf2 Rc3 36.Rb3 Rc2 37.a3 Rc1 38.Ke2 Rxd1 39.Kxd1 Kf7 40.a4 h5 41.
Ra3 Kf6 42.a5 Nd6 43.a6 Nc4 44.Rb3 Rd7 45.Bb7 Ke5 46.a7 Rf7 47.Kc2 Rd7 48.
Kd1 Rf7 49.Kc2 Rd7 50.Kd1 1/2-1/2

[Event "19th Reykjavik op"]
[Site "Reykjavik ISL"]
[Date "2000.04.07"]
[Round "3.28"]
[White "Schmitz, Manuela"]
[Black "Bykhovsky, Anatoly A."]
[Result "0-1"]
[WhiteElo "2134"]
[BlackElo "2409"]
[EventDate "2000.04.05"]
[PlyCount "54"]

1.d4 d5 2.c4 e6 3.Nc3 c6 4.cxd5 exd5 5.Nf3 Bd6 6.Bg5 Qb6 7.Qd2 Bf5 8.Nh4 
Be6 9.g3 Nd7 10.Bg2 Ngf6 11.O-O h6 12.Bxf6 Nxf6 13.Qd3 O-O 14.e3 Qxb2 15.
Rab1 Qa3 16.Rxb7 Bb4 17.Qb1 Bxc3 18.Rb3 Qa5 19.Rc1 Bd2 20.Rc2 Ne4 21.Bxe4 
dxe4 22.Rb7 Rad8 23.Qb2 Bxe3 24.fxe3 Qe1+ 25.Kg2 Qxe3 26.d5 Rxd5 27.Re2 
Qd3 0-1

[Event "19th Reykjavik op"]
[Site "Reykjavik ISL"]
[Date "2000.04.07"]
[Round "3.29"]
[White "Halldorsson, Bragi"]
[Black "Hannesson, Olafur Isberg"]
[Result "1-0"]
[WhiteElo "2242"]
[BlackElo "2161"]
[EventDate "2000.04.05"]
[PlyCount "101"]

1.d4 Nf6 2.Nf3 b6 3.Bg5 Bb7 4.Nbd2 d5 5.e3 e6 6.Bd3 Be7 7.c3 h6 8.Bh4 Nbd7
9.Qe2 O-O 10.h3 Ne8 11.Bg3 Nd6 12.Ne5 c5 13.Rd1 c4 14.Bb1 f5 15.Ng6 Re8 
16.Bxd6 Bxd6 17.f4 Qf6 18.Ne5 Bxe5 19.dxe5 Qh4+ 20.Kf1 Nc5 21.Nf3 Qg3 22.
Nd4 a6 23.h4 Qg6 24.h5 Qf7 25.g4 Ne4 26.Bxe4 fxe4 27.Rh3 Qe7 28.Rg3 Rf8 
29.Qg2 Kh8 30.Ke2 Qf7 31.g5 Rg8 32.Rg1 Rae8 33.gxh6 gxh6 34.Rg6 Rxg6 35.
Qxg6 Qxg6 36.Rxg6 Bc8 37.Rxh6+ Kg7 38.Rf6 Rh8 39.Nxe6+ Bxe6 40.Rxe6 Rxh5 
41.Rxb6 Rh2+ 42.Kf1 Rh3 43.Kf2 Rh2+ 44.Kg3 Re2 45.f5 Rxe3+ 46.Kg4 Rf3 47.
Rb7+ Kf8 48.e6 Rf1 49.Kg5 e3 50.Kf6 Rxf5+ 51.Kxf5 1-0

[Event "19th Reykjavik op"]
[Site "Reykjavik ISL"]
[Date "2000.04.07"]
[Round "3.30"]
[White "Bergsson, Stefan"]
[Black "Schmied, Andreas"]
[Result "0-1"]
[WhiteElo "2021"]
[BlackElo "2158"]
[EventDate "2000.04.05"]
[PlyCount "104"]

1.e4 e5 2.Bc4 Nf6 3.d4 exd4 4.e5 d5 5.Bb3 Ne4 6.Ne2 Bb4+ 7.c3 dxc3 8.bxc3 
Bc5 9.Nd4 O-O 10.Be3 Bb6 11.O-O Nc6 12.f3 Nc5 13.Nxc6 bxc6 14.Bc2 Ba6 15.
Re1 Ne6 16.Nd2 Qg5 17.Bxb6 axb6 18.Nf1 Bxf1 19.Kxf1 Rfe8 20.g3 Qh5 21.Kg2 
Ra3 22.Bb3 b5 23.Qe2 Rea8 24.Qe3 Qf5 25.h4 Nf8 26.g4 Qd7 27.h5 Qe7 28.Qd3 
Ne6 29.Qc2 Qh4 30.Qf5 Qg5 31.Qxg5 Nxg5 32.Rab1 Ne6 33.Kg3 Nc5 34.Re2 h6 
35.Rbb2 Kf8 36.Rb1 Ke7 37.Kf4 Na4 38.Re3 Nb6 39.Rbe1 c5 40.e6 f6 41.Kf5 c4
42.Bd1 Rxa2 43.Kg6 Rg8 44.f4 Raa8 45.g5 hxg5 46.fxg5 Raf8 47.Bf3 c6 48.Ra1
Nc8 49.Ra8 Kd6 50.gxf6 gxf6+ 51.Kh6 f5 52.Kh7 Ke7 0-1

[Event "19th Reykjavik op"]
[Site "Reykjavik ISL"]
[Date "2000.04.07"]
[Round "3.32"]
[White "Nyysti, Sampsa"]
[Black "Valgardsson, Gudjon Heidar"]
[Result "1-0"]
[WhiteElo "2224"]
[BlackElo "2114"]
[EventDate "2000.04.05"]
[PlyCount "77"]

1.e4 e6 2.d3 d5 3.Qe2 dxe4 4.dxe4 g6 5.Nf3 Bg7 6.e5 Ne7 7.Nc3 Nbc6 8.Qe4 
O-O 9.Bd3 Nd5 10.Bd2 Ncb4 11.O-O-O Nxc3 12.bxc3 Nxd3+ 13.cxd3 Qe7 14.Kb2 
Bd7 15.Bg5 Qc5 16.Qe3 Qxe3 17.fxe3 b5 18.Be7 Rfb8 19.Rhf1 h6 20.Rd2 a5 21.
a3 Bf8 22.Bxf8 Kxf8 23.Rdf2 Kg8 24.Nd2 Be8 25.Ne4 Kg7 26.Nf6 Bc6 27.Nd7 
Rf8 28.Nxf8 Rxf8 29.g4 a4 30.Kc2 Bd5 31.Kd2 c6 32.c4 bxc4 33.e4 c3+ 34.
Kxc3 Bb3 35.Kb4 Rb8+ 36.Kc5 Rb7 37.Kxc6 Ra7 38.Kb6 Rd7 39.Rc1 1-0

[Event "19th Reykjavik op"]
[Site "Reykjavik ISL"]
[Date "2000.04.07"]
[Round "3.33"]
[White "Naes, Flovin Thor"]
[Black "De Blecourt, Sandra"]
[Result "1/2-1/2"]
[WhiteElo "2257"]
[BlackElo "2027"]
[EventDate "2000.04.05"]
[PlyCount "86"]

1.Nf3 d5 2.d4 Nf6 3.g3 Bg4 4.Bg2 e6 5.O-O Bd6 6.c4 c6 7.Qb3 Qc8 8.Nc3 Nbd7
9.Re1 O-O 10.Bf4 Bxf4 11.gxf4 Qc7 12.Ne5 Bf5 13.e3 Nxe5 14.fxe5 Ne4 15.
Nxe4 dxe4 16.Qc2 f6 17.exf6 Rxf6 18.Bxe4 Raf8 19.f4 Qf7 20.Kh1 Qh5 21.Rg1 
Rh6 22.Bxf5 exf5 23.Rg3 Re8 24.Rag1 Re7 25.d5 Rd6 26.dxc6 Rxc6 27.Qd3 Rc8 
28.Qd5+ Kh8 29.Rg5 Qe2 30.Rxf5 Qxe3 31.b3 Re4 32.Qd1 Rxf4 33.Rxf4 Qxf4 34.
Qd5 b6 35.Qb7 Rg8 36.Qg2 Qe5 37.Qd5 Qf6 38.Re1 Qh4 39.Qe5 Qf2 40.Qe2 Qf6 
41.Rf1 Qg6 42.Qg2 Qd3 43.Qf3 Qc2 1/2-1/2

[Event "19th Reykjavik op"]
[Site "Reykjavik ISL"]
[Date "2000.04.07"]
[Round "3.34"]
[White "Schubert, Hans Joachim"]
[Black "Kristjansson, Stefan"]
[Result "0-1"]
[WhiteElo "2005"]
[BlackElo "2254"]
[EventDate "2000.04.05"]
[PlyCount "75"]

1.e4 e6 2.d4 d5 3.exd5 exd5 4.Nf3 Bd6 5.c4 dxc4 6.Bxc4 Nf6 7.O-O O-O 8.Nc3
Bg4 9.h3 Bh5 10.g4 Bg6 11.Ne5 c5 12.Nxg6 hxg6 13.dxc5 Bxc5 14.Bg5 Qc7 15.
Qd3 Nbd7 16.Nd5 Qc6 17.Rae1 Rad8 18.b4 Nxd5 19.Bxd5 Nf6 20.Bxc6 Rxd3 21.
Bxb7 Bxb4 22.Re3 Rd7 23.Bf3 Bd2 24.Re5 Bxg5 25.Rxg5 Rd3 26.Kg2 Ra3 27.Ra1 
Rc8 28.Re5 Rcc3 29.Re3 Rxe3 30.fxe3 Rxe3 31.Rd1 Kf8 32.Kf2 Ra3 33.Rd2 Ke7 
34.Kg2 Nd7 35.Kf2 Ne5 36.Bg2 g5 37.Re2 f6 38.Ke1 0-1

[Event "19th Reykjavik op"]
[Site "Reykjavik ISL"]
[Date "2000.04.07"]
[Round "3.35"]
[White "Kjartansson, Olafur"]
[Black "Ragnarsson, Johann"]
[Result "1/2-1/2"]
[WhiteElo "2091"]
[BlackElo "2129"]
[EventDate "2000.04.05"]
[PlyCount "38"]

1.e4 c6 2.d4 d5 3.Nd2 dxe4 4.Nxe4 Bf5 5.Ng3 Bg6 6.h4 h6 7.Nf3 Nd7 8.h5 Bh7
9.Bd3 Bxd3 10.Qxd3 Qc7 11.Bd2 e6 12.c4 Ngf6 13.O-O-O Bd6 14.Ne4 Nxe4 15.
Qxe4 Nf6 16.Qe2 Bf4 17.Ne5 Bxd2+ 18.Rxd2 O-O-O 19.Rhd1 Rhf8 1/2-1/2

[Event "19th Reykjavik op"]
[Site "Reykjavik ISL"]
[Date "2000.04.07"]
[Round "3.36"]
[White "Einarsson, Einar Kristinn"]
[Black "Arngrimsson, Dagur"]
[Result "1-0"]
[WhiteElo "2111"]
[BlackElo "2081"]
[EventDate "2000.04.05"]
[PlyCount "157"]

1.c4 e6 2.g3 Nf6 3.Bg2 d5 4.d4 Be7 5.Nc3 O-O 6.Nf3 c5 7.cxd5 Nxd5 8.Nxd5 
Qxd5 9.O-O Nc6 10.dxc5 Bxc5 11.Bf4 Rd8 12.Qxd5 exd5 13.Rac1 Bd6 14.Be3 f6 
15.Rfd1 Be6 16.Bc5 Rac8 17.Bxd6 Rxd6 18.Rc5 b6 19.Rcc1 Rcd8 20.Nd4 Nxd4 
21.Rxd4 Kf7 22.b4 a6 23.Rc3 Ke7 24.a4 R8d7 25.Kf1 Kd8 26.Ke1 Rc7 27.Rcd3 
Rcd7 28.e4 Rc7 29.Kd2 Rdc6 30.exd5 Rc2+ 31.Ke3 Bf5 32.d6 R7c4 33.Rxc4 Rxc4
34.Rd4 Rc3+ 35.Kd2 Rc2+ 36.Ke3 Rc3+ 37.Ke2 Rc2+ 38.Ke3 Rc3+ 39.Kf4 Bd7 40.
Bb7 Bxa4 41.Bxa6 g5+ 42.Kf5 Rf3+ 43.Ke6 Rxf2 44.h4 h6 45.Kf7 f5 46.Kg6 
gxh4 47.gxh4 f4 48.b5 Bc2+ 49.Kxh6 f3 50.Bb7 Rf1 51.Bc6 Rd1 52.Rf4 Rxd6+ 
53.Kg5 Bd3 54.Rxf3 Rg6+ 55.Kh5 Rd6 56.Rf8+ Ke7 57.Re8+ Kf6 58.Kg4 Bf5+ 59.
Kf4 Rd4+ 60.Ke3 Rxh4 61.Rb8 Ke5 62.Rxb6 Rh3+ 63.Kf2 Be4 64.Bd7 Rh2+ 65.Ke3
Bf5 66.Bxf5 Kxf5 67.Kd4 Rd2+ 68.Kc5 Ke5 69.Rc6 Rb2 70.Kb6 Kd5 71.Rc1 Rb3 
72.Ka6 Kd6 73.b6 Rb2 74.Ka7 Ra2+ 75.Kb8 Kd7 76.Rc7+ Kd8 77.Ra7 Rb2 78.b7 
Rb3 79.Ka8 1-0

[Event "19th Reykjavik op"]
[Site "Reykjavik ISL"]
[Date "2000.04.07"]
[Round "3.37"]
[White "Soupizon, Remi"]
[Black "Halldorsson, Halldor"]
[Result "1-0"]
[WhiteElo "2066"]
[BlackElo "2109"]
[EventDate "2000.04.05"]
[PlyCount "33"]

1.e4 c5 2.Nc3 Nc6 3.f4 g6 4.Nf3 Bg7 5.Bc4 e6 6.f5 Nge7 7.fxe6 dxe6 8.d3 a6
9.a4 O-O 10.O-O Na5 11.Ba2 Bd7 12.Qe1 Qb6 13.Qh4 Nac6 14.a5 Qd8 15.Bh6 
Qxa5 16.Ng5 f5 17.Bxe6+ 1-0

[Event "19th Reykjavik op"]
[Site "Reykjavik ISL"]
[Date "2000.04.08"]
[Round "4.6"]
[White "Steindorsson, Sigurdur Pall"]
[Black "Timman, Jan"]
[Result "0-1"]
[WhiteElo "2056"]
[BlackElo "2655"]
[EventDate "2000.04.05"]
[PlyCount "68"]

1.c4 e5 2.Nc3 Nf6 3.g3 Bb4 4.Bg2 O-O 5.e4 Bxc3 6.bxc3 c6 7.Qb3 Na6 8.Ba3 
Re8 9.Ne2 b6 10.O-O Bb7 11.c5 Nxc5 12.Bxc5 Ba6 13.Bxb6 axb6 14.c4 d6 15.a4
Qc7 16.Rfb1 Rab8 17.d3 Nd7 18.f4 Nc5 19.Qc3 Ra8 20.a5 b5 21.fxe5 dxe5 22.
cxb5 cxb5 23.d4 exd4 24.Nxd4 Rac8 25.Nxb5 Qd7 26.Qb4 Nd3 27.Qa4 Nc5 28.Qb4
Bxb5 29.Qxb5 Qd4+ 30.Kh1 Nxe4 31.Qb6 Rc5 32.Ra2 Nxg3+ 33.hxg3 Rh5+ 34.Bh3 
Qd5+ 0-1

[Event "19th Reykjavik op"]
[Site "Reykjavik ISL"]
[Date "2000.04.08"]
[Round "4.7"]
[White "Christiansen, Larry"]
[Black "Bricard, Emmanuel"]
[Result "1-0"]
[WhiteElo "2596"]
[BlackElo "2461"]
[EventDate "2000.04.05"]
[PlyCount "49"]

1.d4 e6 2.c4 b6 3.Nf3 Bb7 4.Nc3 Bb4 5.Bg5 Bxc3+ 6.bxc3 f6 7.Bh4 d6 8.Nd2 
Nd7 9.e4 Qe7 10.f3 Nh6 11.Bd3 O-O 12.O-O g5 13.Bf2 f5 14.exf5 exf5 15.c5 
d5 16.Qa4 c6 17.Rae1 Qf6 18.c4 bxc5 19.cxd5 Nb6 20.Qb3 c4 21.Nxc4 cxd5 22.
Nxb6 axb6 23.Re5 Rfe8 24.Rb1 Nf7 25.Qxb6 1-0

[Event "19th Reykjavik op"]
[Site "Reykjavik ISL"]
[Date "2000.04.08"]
[Round "4.9"]
[White "Salmensuu, Olli"]
[Black "Hillarp Persson, Tiger"]
[Result "0-1"]
[WhiteElo "2418"]
[BlackElo "2548"]
[EventDate "2000.04.05"]
[PlyCount "104"]

1.e4 g6 2.f4 c5 3.d4 cxd4 4.Qxd4 Nf6 5.e5 Nc6 6.Qd1 Ne4 7.Nd2 Nxd2 8.Bxd2 
Bg7 9.Bc3 d6 10.Nf3 O-O 11.Bb5 Qb6 12.Qe2 Bg4 13.Bxc6 bxc6 14.Qf2 Qa6 15.
Qe3 Bxf3 16.Qxf3 Rad8 17.Qe2 Qb6 18.O-O-O d5 19.Qd2 Rb8 20.Qd4 e6 21.Qxb6 
axb6 22.g4 Ra8 23.a3 Ra4 24.Rd4 Ra6 25.g5 Rfa8 26.Bd2 h6 27.h4 h5 28.Be3 
c5 29.Rdd1 Ra4 30.c3 Kf8 31.Kc2 Ke8 32.Bc1 b5 33.b3 R4a6 34.Bb2 Bf8 35.Rb1
Kd7 36.Rhd1 Kc6 37.Bc1 Be7 38.Ra1 Bd8 39.Kb2 Ba5 40.Be3 Bd8 41.Bf2 Be7 42.
Bg1 d4 43.cxd4 c4 44.a4 Kd5 45.Rac1 Bb4 46.Kc2 Rb8 47.axb5 Rxb5 48.bxc4+ 
Kxc4 49.d5 Bc3 50.Rb1 Ra2+ 51.Kc1 Rxb1+ 52.Kxb1 Kb3 0-1

[Event "19th Reykjavik op"]
[Site "Reykjavik ISL"]
[Date "2000.04.08"]
[Round "4.11"]
[White "Markowski, Tomasz"]
[Black "Drei, Andrea"]
[Result "1-0"]
[WhiteElo "2531"]
[BlackElo "2351"]
[EventDate "2000.04.05"]
[PlyCount "55"]

1.g3 e5 2.c4 Nf6 3.Bg2 d5 4.cxd5 Nxd5 5.Nf3 Nc6 6.O-O Nb6 7.Nc3 Be7 8.a4 
a5 9.d3 O-O 10.Be3 Bg4 11.Rc1 Re8 12.Nb5 Bf8 13.Nd2 Rc8 14.Re1 Nd5 15.Bc5 
Bxc5 16.Rxc5 Ncb4 17.Ne4 Qe7 18.Rc1 Red8 19.h3 Bh5 20.Qb3 c6 21.Nec3 Ne3 
22.fxe3 cxb5 23.axb5 Qg5 24.Kh2 Qxe3 25.Bxb7 Nxd3 26.exd3 Qf2+ 27.Bg2 Rxd3
28.Ne4 1-0

[Event "19th Reykjavik op"]
[Site "Reykjavik ISL"]
[Date "2000.04.08"]
[Round "4.12"]
[White "Jonasson, Benedikt"]
[Black "Oral, Tomas"]
[Result "0-1"]
[WhiteElo "2285"]
[BlackElo "2545"]
[EventDate "2000.04.05"]
[PlyCount "80"]

1.e4 c5 2.Nf3 Nc6 3.d4 cxd4 4.Nxd4 Qc7 5.Nc3 e6 6.Be3 a6 7.Bd3 b5 8.a3 Bb7
9.O-O Nf6 10.Kh1 h5 11.f4 Ng4 12.Bg1 g5 13.Qf3 gxf4 14.Nxc6 Bxc6 15.Rae1 
Bd6 16.Nd5 Qb7 17.Nxf4 O-O-O 18.a4 Ne5 19.Qe2 Nxd3 20.cxd3 bxa4 21.Rc1 Kb8
22.Bc5 Be5 23.Qf2 d6 24.Be3 Rhg8 25.Rc2 Rc8 26.h3 f5 27.Nxe6 fxe4 28.d4 
Bg3 29.Qf6 Bd5 30.Rxc8+ Qxc8 31.Nf4 Bxf4 32.Qxf4 Qe6 33.Rc1 Qg6 34.Qf2 Qg3
35.Qd2 Rg7 36.Bf4 Qxh3+ 37.gxh3 e3+ 38.Qg2 Rxg2 39.Bxd6+ Kb7 40.Rc5 e2 0-1

[Event "19th Reykjavik op"]
[Site "Reykjavik ISL"]
[Date "2000.04.08"]
[Round "4.13"]
[White "Thorhallsson, Throestur"]
[Black "Lampen, Timo"]
[Result "1/2-1/2"]
[WhiteElo "2489"]
[BlackElo "2307"]
[EventDate "2000.04.05"]
[PlyCount "83"]

1.e4 e6 2.d4 d5 3.Nc3 Nf6 4.e5 Nfd7 5.f4 c5 6.Nf3 Nc6 7.Be3 cxd4 8.Nxd4 
Qb6 9.Qd2 Qxb2 10.Rb1 Qa3 11.Bb5 Nxd4 12.Bxd4 Bb4 13.O-O a6 14.Rb3 Qa5 15.
Bxd7+ Bxd7 16.Rfb1 Bc5 17.Bxc5 Qxc5+ 18.Kh1 Rc8 19.Rd1 Rc7 20.f5 Qe7 21.
Qf4 Kd8 22.Qe3 g6 23.Qa7 Qc5 24.Qa8+ Bc8 25.f6 Qf2 26.Rg1 Qxc2 27.Qb8 b5 
28.Qb6 Bd7 29.Ne2 Qc5 30.Qa5 b4 31.Qxc5 Rxc5 32.Rxb4 Kc7 33.Rgb1 Bc6 34.
Nd4 Rc4 35.Kg1 Rxb4 36.Rxb4 a5 37.Rb3 Bd7 38.Nf3 h6 39.Kf2 Ra8 40.Ke3 a4 
41.Rc3+ Kb6 42.a3 1/2-1/2

[Event "19th Reykjavik op"]
[Site "Reykjavik ISL"]
[Date "2000.04.08"]
[Round "4.14"]
[White "Jonkman, Harmen"]
[Black "Sarbok, Torsten"]
[Result "0-1"]
[WhiteElo "2446"]
[BlackElo "2285"]
[EventDate "2000.04.05"]
[PlyCount "94"]

1.e4 c5 2.c3 d5 3.exd5 Qxd5 4.d4 Nf6 5.Nf3 Bg4 6.dxc5 Qxc5 7.Na3 Nbd7 8.
Be3 Qc7 9.h3 Bh5 10.Nb5 Qb8 11.g4 Bg6 12.g5 Ne4 13.Qa4 a6 14.O-O-O Bf5 15.
Bd3 axb5 16.Qxb5 Nd6 17.Bxf5 e6 18.Qd3 Rxa2 19.Qd4 exf5 20.Bf4 Ra6 21.
Rhe1+ Kd8 22.Ne5 Ra1+ 23.Kc2 Rxd1 24.Rxd1 Nxe5 25.Bxe5 Kd7 26.c4 b6 27.b4 
Be7 28.c5 bxc5 29.bxc5 Rc8 30.Bxd6 Bxd6 31.Qxd6+ Qxd6 32.Rxd6+ Ke7 33.Rd5 
Ke6 34.Rd6+ Ke5 35.Rd7 Rxc5+ 36.Kd3 Rd5+ 37.Rxd5+ Kxd5 38.f4 Ke6 39.Kd4 f6
40.h4 fxg5 41.hxg5 h6 42.gxh6 gxh6 43.Kc5 h5 44.Kd4 h4 45.Ke3 Kd5 46.Kf3 
Kd4 47.Kg2 Ke3 0-1

[Event "19th Reykjavik op"]
[Site "Reykjavik ISL"]
[Date "2000.04.08"]
[Round "4.15"]
[White "Thorfinnsson, Bragi"]
[Black "Johannessen, Leif Erlend"]
[Result "0-1"]
[WhiteElo "2260"]
[BlackElo "2431"]
[EventDate "2000.04.05"]
[PlyCount "74"]

1.d4 e6 2.c4 Nf6 3.Nc3 Bb4 4.e3 O-O 5.Bd3 d5 6.cxd5 exd5 7.f3 Bd6 8.Nge2 
c5 9.O-O Re8 10.Qe1 Nc6 11.Qf2 a6 12.g4 b5 13.a3 b4 14.axb4 Nxb4 15.Bb1 a5
16.b3 Ba6 17.dxc5 Bxc5 18.Rd1 Rc8 19.Kh1 Ba7 20.Bf5 Rc6 21.Bd2 g6 22.Bb1 
Qc7 23.Ra4 Bd3 24.g5 Bxb1 25.Rxb1 Nd3 26.Qh4 Nh5 27.Nb5 Qb6 28.Ned4 Rcc8 
29.Bxa5 Qc5 30.Bc3 Bb8 31.Rd1 Rxe3 32.Nf5 gxf5 33.Qxh5 Nf2+ 34.Kg2 Nxd1 
35.Rh4 Re2+ 36.Kh1 Nf2+ 37.Kg2 Nh3+ 0-1

[Event "19th Reykjavik op"]
[Site "Reykjavik ISL"]
[Date "2000.04.08"]
[Round "4.16"]
[White "Hardarson, Robert"]
[Black "Gunnarsson, Arnar"]
[Result "1/2-1/2"]
[WhiteElo "2356"]
[BlackElo "2227"]
[EventDate "2000.04.05"]
[PlyCount "44"]

1.e4 e5 2.Nf3 Nc6 3.d4 exd4 4.Nxd4 Bc5 5.Nxc6 Qf6 6.Qd2 dxc6 7.Bd3 Be6 8.
O-O O-O-O 9.Qf4 Qxf4 10.Bxf4 f6 11.Re1 Bd4 12.Nc3 g5 13.Bc1 Ne7 14.Ne2 Be5
15.f4 gxf4 16.Nxf4 Bf7 17.Be2 Ng6 18.Bg4+ Kb8 19.Nd3 Bd4+ 20.Be3 Rhg8 21.
Bxd4 Rxd4 22.Bh5 Re8 1/2-1/2

[Event "19th Reykjavik op"]
[Site "Reykjavik ISL"]
[Date "2000.04.08"]
[Round "4.20"]
[White "Bykhovsky, Anatoly A."]
[Black "Kjartansson, Gudmundur"]
[Result "1-0"]
[WhiteElo "2409"]
[BlackElo "2248"]
[EventDate "2000.04.05"]
[PlyCount "95"]

1.e4 c5 2.Nf3 d6 3.d4 cxd4 4.Qxd4 Nc6 5.Bb5 Bd7 6.Bxc6 Bxc6 7.c4 f5 8.Nc3 
e5 9.Qd3 fxe4 10.Nxe4 Nf6 11.Nc3 Be7 12.Ng5 Qd7 13.O-O O-O 14.Be3 b6 15.
Rad1 h6 16.Nge4 Nxe4 17.Nxe4 d5 18.cxd5 Bb5 19.Qb3 Ba4 20.Qd3 Bb5 21.Qb3 
Ba4 22.Qd3 Bxd1 23.Rxd1 Bd6 24.Rc1 Rad8 25.h3 Qf5 26.f3 Rf7 27.Rd1 Rfd7 
28.Qc4 Qf7 29.a3 Bf8 30.Nc3 Bd6 31.Qd3 Rc8 32.Ne4 Qg6 33.Kh1 Rdc7 34.Qf1 
Rc2 35.Bc1 Bc5 36.d6 Bd4 37.b4 Qe6 38.Qe1 Ra2 39.Qg3 Rcc2 40.d7 Qe7 41.
Rxd4 exd4 42.Qb8+ Kh7 43.d8=Q Rxc1+ 44.Kh2 Qxd8 45.Qxd8 Rxa3 46.Qxd4 Rb1 
47.Nd6 Rc1 48.Ne8 1-0

[Event "19th Reykjavik op"]
[Site "Reykjavik ISL"]
[Date "2000.04.08"]
[Round "4.21"]
[White "Schulz, Michael"]
[Black "Arizmendi Martinez, Julen Luis"]
[Result "0-1"]
[WhiteElo "2076"]
[BlackElo "2445"]
[EventDate "2000.04.05"]
[PlyCount "118"]

1.e4 e6 2.Nf3 b6 3.d4 Bb7 4.Bd3 Ne7 5.O-O d6 6.c3 Nd7 7.a4 a6 8.Bg5 h6 9.
Bh4 g5 10.Bg3 Bg7 11.Re1 e5 12.Na3 Ng6 13.h3 h5 14.Nc4 g4 15.hxg4 hxg4 16.
Nh2 Bh6 17.Be2 Bf4 18.Bxg4 Qg5 19.Bxd7+ Kxd7 20.Qg4+ Qxg4 21.Nxg4 exd4 22.
cxd4 Raf8 23.e5 dxe5 24.Ncxe5+ Nxe5 25.Nxe5+ Bxe5 26.Rxe5 f6 27.Re2 Bd5 
28.Rae1 Rf7 29.f3 Rg7 30.Bh2 Bxf3 31.Rf2 Bd5 32.a5 bxa5 33.Rc2 c6 34.Rf1 
Rhg8 35.g3 Rg6 36.Rcf2 Rg4 37.Ra1 Rxd4 38.Rxf6 Rd2 39.Rf2 Rxf2 40.Kxf2 Rb8
41.g4 Rxb2+ 42.Kg3 Ba2 43.Bg1 a4 44.Bc5 Rc2 45.Bf8 Ke6 46.g5 Kf7 47.Rf1+ 
Kg6 48.Be7 Bd5 49.Ra1 Rc4 50.Kf2 Rf4+ 51.Kg3 Re4 52.Bf6 Re3+ 53.Kf4 Rf3+ 
54.Ke5 a3 55.Kd4 a2 56.Kc5 Rb3 57.Kd6 Rb1 58.Kc5 Kf5 59.Kd4 Rxa1 0-1

[Event "19th Reykjavik op"]
[Site "Reykjavik ISL"]
[Date "2000.04.08"]
[Round "4.23"]
[White "Schmied, Andreas"]
[Black "Wiley, Tom"]
[Result "1/2-1/2"]
[WhiteElo "2158"]
[BlackElo "2294"]
[EventDate "2000.04.05"]
[PlyCount "101"]

1.g3 f5 2.Bg2 Nf6 3.c4 e5 4.Nc3 Nc6 5.e3 d6 6.d3 g6 7.Nge2 Bg7 8.Rb1 O-O 
9.O-O a5 10.b3 Bd7 11.Bb2 Rb8 12.Qd2 Ne7 13.Nd5 Nfxd5 14.cxd5 c5 15.f4 b6 
16.Rf2 Qc7 17.Rbf1 Rbe8 18.Rc1 Qa7 19.Bc3 Bb5 20.Ba1 Qa6 21.Rd1 Qa7 22.h3 
Nc8 23.g4 Qe7 24.Rf3 Kh8 25.Rg3 Bd7 26.g5 Bb5 27.h4 e4 28.dxe4 fxe4 29.Nc3
Bd3 30.Bh3 b5 31.Be6 b4 32.Na4 Bxa1 33.Rxa1 Qg7 34.Rc1 Ne7 35.Nb2 Nf5 36.
Bxf5 gxf5 37.Nxd3 exd3 38.Qxd3 Re4 39.Rb1 Rfe8 40.Kf2 Qf7 41.Rh1 Qg7 42.
Rc1 a4 43.h5 a3 44.h6 Qb2+ 45.Rc2 Qb1 46.Rh3 Rc8 47.Qd2 c4 48.Rc1 Qb2 49.
Rc2 Qb1 50.Rc1 Qb2 51.Rc2 1/2-1/2